00849nam a2200205 a 450000100100000000500170001000800410002702000150006804000250008308200150010810000270012324501120015026000360026230000370029870000310033570000290036695201130039595201180050899900170062600003639520200930075716.0120116s1984 xxuad 000 0 spa d a0890049130 aDO-SdBNPbspacBNPHU axxxbL668d1 aLevy, Howard B.96259310aDiagnosis and management of the hospitalized child /cHoward B. Levy, Stephen H. Sheldon, Rabi F. Sulayman. aNew York :bRaven Press,c1984. a681 p. :bil., diagrs. ;c21 cm.1 aSheldon, Stephen H.9625941 aSulayman, Rabi F.962595 001050718MOaGRbGRcCTd2012-01-16iLF1l0oxxx L668dp36396-10r2020-06-25w2020-06-25y1ZNo se presta 001050718MOaGRbGRcCTd2012-01-16iLF1l0oxxx L668dp36396-20r2020-06-25te.2w2020-06-25y1ZNo se presta c35886d35886